|
|
|
|
| LEADER |
01461nem a2200373 a 4500 |
| 001 |
000017137 |
| 003 |
CZ BrMZK |
| 005 |
20190827102220.0 |
| 007 |
a c |
| 008 |
950201s1994 xr XX 1 cze d |
| 015 |
|
|
|a cnb000103062
|
| 020 |
|
|
|a 80-85302-58-6
|z 80-85302-60-8
|
| 034 |
1 |
|
|a a
|b 20000
|
| 040 |
|
|
|a BOA001
|b cze
|
| 043 |
|
|
|a e-xr---
|
| 045 |
|
|
|a x9x9
|
| 080 |
9 |
|
|a 914.372
|
| 080 |
9 |
|
|a 911.3
|
| 080 |
9 |
|
|a 912
|
| 110 |
2 |
|
|a Geodezie Brno (firma)
|7 kn20010710198
|4 aut
|
| 245 |
1 |
0 |
|a Brno
|h [kartografický dokument] :
|b městský plán 1:20 000 : s turistickými informacemi, pamětihodnostmi, výběrem hotelů, názvy ulic /
|c vydala a zpracovala Geodezie Brno
|
| 250 |
|
|
|a 2., aktualiz. vyd.
|
| 255 |
|
|
|a Měřítko 1:20^000
|
| 260 |
|
|
|a Brno :
|b Geodezie :
|b GeoCenter,
|c 1994
|
| 300 |
|
|
|a 1 plán a všitá textová příloha 16 s. :
|b barev. ;
|c 84 x 95 cm vlepen do obálky a slož. na 22 x 12 cm
|
| 500 |
|
|
|a Redakční uzávěrka 15. října 1994
|
| 504 |
|
|
|a Rejstřík ulic v příloze
|
| 505 |
2 |
|
|a Zvětšený výřez centra -- doplňková mapa
|
| 651 |
|
7 |
|a Brno (Česko)
|7 ge134084
|2 czenas
|
| 655 |
|
7 |
|a plány měst
|7 fd133027
|2 czenas
|
| 910 |
|
|
|a BOA001
|b Skř.9A-1006.027
|
| 990 |
|
|
|a MP
|
| 996 |
7 |
|
|b 2610017447
|c Skř.9A-1006.027
|l MZK
|r Sklad / do 24 hodin
|n 4
|p kup
|w 000017137
|u 000010
|a 1
|e BOA001
|j MZK50
|s A
|
| 996 |
6 |
|
|b 2610029480
|c Skř.9A-1006.027
|l MZK
|r Sklad / do 24 hodin
|n 0
|p p.v.
|w 000017137
|u 000020
|a 1
|e BOA001
|j MZK50
|s P
|